| 000 | 00993nam1a22002411i 4500 | ||
|---|---|---|---|
| 001 | v19\rc\1939220 | ||
| 005 | 20240723221215.0 | ||
| 035 | _a(NLR Aleph) 005022966 | ||
| 090 |
_a6608932 _c6608932 |
||
| 100 | _a20080404d1913 |||y0rusy50 ca | ||
| 101 | 0 | _arus | |
| 102 | _aRU | ||
| 105 | _ay z ||||| | ||
| 200 | 1 | _aПостановления Школьной комиссии и доклады Уездной земской управы Александровскому... уездному земскому собранию... | |
| 210 |
_aВладимир _d1913 |
||
| 215 | _d26 | ||
| 500 | 1 | 0 |
_6z01712 _aДоклады... |
| 710 | 0 | 2 |
_aАлександровская уезд. земская школьная комиссия _cВладимир. губ. |
| 712 | 0 | 2 |
_6z01500 _aАлександровская уезд. земская управа _cВладимирская губ. |
| 801 | 0 |
_aRU _bNLR _gpsbo |
|
| 801 | 1 |
_aRU _bProSoft-M _2rusmarc |
|
| 852 |
_aNLR _bЗем _j6-2/П1 |
||
| 942 | _cBOOK | ||